Statistics for Every Brad Paisley Album and Song

Click here to take the quiz!

General Stats

  • This quiz has been taken 14 times
  • The average score is 60 of 189

Answer Stats

Answer% Correct
I'm Gonna Miss Her (The Fishin' Song)
86%
{Part II} (2001)
71%
The World
71%
Mud On The Tires
71%
{Mud On The Tires} (2003)
71%
Waitin' On A Woman
71%
Time Well Wasted
71%
{5th Gear} (2007)
71%
Online
71%
{American Saturday Night} (2009)
71%
American Saturday Night
71%
Whiskey Lullaby
71%
{Time Well Wasted} (2005)
71%
Love And War
71%
{This Is Country Music} (2011)
71%
This Is Country Music
71%
{Love And War} (2017)
71%
No
71%
Water
57%
Accidental Racist
57%
Heaven South
57%
Southern Comfort Zone (Acoustic Version)
57%
She's Everything
57%
Ticks
57%
Southern Comfort Zone
57%
All I Wanted Was A Car
57%
{Wheelhouse} (2013)
57%
I'm Still A Guy
57%
Some Mistakes
57%
Old Alabama
57%
Then
57%
{Who Needs Pictures} (1999)
57%
Heaven South (Reprise)
57%
Celebrity
57%
Who Needs Pictures
57%
Ain't Nothin' Like
43%
You'll Never Leave Harlan Alive
43%
Better Than This
43%
Letter To Me
43%
Too Country
43%
When We All Get To Heaven
43%
Bigger Fish To Fry
43%
Alcohol
43%
Start A Band
43%
He Didn't Have To Be
43%
Kung Pao
43%
Part Two
43%
Me Neither
43%
Remind Me
43%
Welcome To The Future
43%
Two Feet of Topsoil
43%
Camouflage
43%
Mr. Policeman
43%
Welcome To The Future (Reprise)
43%
Anything Like Me
43%
Time Warp
43%
The Mona Lisa
29%
Death Of A Single Man
29%
Tin Can On A String
29%
Harvey Bodine
29%
Death Of A Married Man
29%
Life's Railway To Heaven
29%
Karate
29%
Onryo
29%
I Can't Change The World
29%
Pressing On A Bruise
29%
Outstanding In Our Field
29%
Beat This Summer
29%
Bon Voyage
29%
Don't Drink The Water
29%
Eastwood
29%
Be The Lake
29%
Love Her Like She's Leavin'
29%
A Man Don't Have To Die
29%
Those Crazy Christians
29%
Cluster Pluck
29%
Officially Alive
29%
Country Nation
29%
Meaning Again
29%
Solar Power Girl
29%
Dying To See Her
29%
Gold All Over The Ground
29%
Grey Goose Chase
29%
selfie#theinternetisforever
29%
Today
29%
Contact High
29%
Drive Of Shame
29%
Go To Bed Early
29%
One Beer Can
29%
Last Time For Everything
29%
Me And Jesus
29%
American Flag On The Moon
29%
Yankee Doodle DixieDeluxe Edition
29%
JFK 1962
29%
Cover Girl
29%
Limes
29%
Moonshine In The Trunk
29%
High Life
29%
Perfect Storm
29%
River Bank
29%
Crushin' It
29%
{Moonshine In The Trunk} (2014)
29%
Beat This Summer (Acoustic)
29%
I Hope That's Me
29%
Get Even
29%
Facebook Friends
29%
Back To The Future
29%
Oh Yeah, You're Gone
29%
It Did
29%
I'll Take You Back
29%
Munster Rag
29%
Cornography
29%
Previously
29%
{Play: The Guitar Album} (2008)
29%
Huckleberry Jam
29%
Turf's Up
29%
Kim
29%
Departure
29%
Kentucky Jelly
29%
Playing With Fire
29%
More Than Just This Song
29%
When I Get Where I'm Going
29%
You Need A Man Around Here
29%
I Wish You'd Stay
29%
Let The Good Times Roll
29%
Everybody's Here
29%
Famous People
29%
The Nervous Breakdown
29%
Little Moments
29%
The Cigar Song
29%
In The Garden
29%
Farther Along
29%
Is It Raining At Your House
14%
You Shouldn't Have To
14%
All You Really Need Is Love
14%
Spaghetti Western Swing
14%
You Have That Effect On Me
14%
Shattered Glass
14%
The Devil Is Alive And Well
14%
Hold Me In Your Arms (And Let Me Fall)
14%
Make A Mistake With Me
14%
She Never Really Got Over Him
14%
The Best Thing That I Had Goin'
14%
The Uncloudy Day
14%
That Old Rugged Cross
14%
4WP
14%
Gone Green
14%
Make A Mistake
14%
Out In The Parkin' Lot
14%
Catch All The Fish
14%
That's Love
14%
Long Sermon
14%
Come On Over Tonight
14%
Cliffs of Rock City
14%
New Favourite Memory
14%
What A Friend We Have In Jesus
14%
Toothbrush
14%
Come On In
14%
Wrapped Around
14%
Working On A Tan
14%
We Danced
14%
Sleepin' On The Foldout
14%
Cloud Of Dust
14%
You Do The Math
14%
Somebody Knows You Now
14%
Two People Fell In Love
14%
I Do Now
14%
She's Her Own Woman
0%
One Of Those Lives
0%
The Pants
0%
Only Way She'll StayCracker Barrel special edition
0%
Don't Breathe
0%
Flowers
0%
Love Is Never-Ending
0%
I've Been Better
0%
Pre-Cluster Cluster Pluck Prequel
0%
Holdin' On To You
0%
Throttleneck
0%
Easy Money
0%
It Never Woulda Worked Out Anyway
0%
With You, Without You
0%
Oh Love
0%
*Outtakes*
0%
Shatner Says Goodbye
0%
If Love Was A Plane
0%
Rainin' You
0%

Score Distribution

Percentile by Number Answered

Percent of People with Each Score

Your Score History

You have not taken this quiz